[Event "Bastia CC Winter op 34th"]
[Site "Bastia"]
[Date "2009.01.23"]
[Round "6"]
[White "Pietrelle, Christian"]
[Black "Leveque, Christophe"]
[Result "0-1"]
[WhiteElo "1573"]
[BlackElo "1610"]
[PlyCount "43"]
[EventDate "2009.01.18"]
[EventType "swiss"]
[EventRounds "7"]
[EventCountry "FRA"]
[SourceTitle "EXT 2010"]
[Source "ChessBase"]
[SourceDate "2010.11.25"]
[SourceVersion "1"]
[SourceVersionDate "2010.11.25"]
[SourceQuality "1"]

1. e4 e6 2. d4 d5 3. e5 c5 4. c4 cxd4 5. Nf3 dxc4 6. Bxc4 Nc6 7. 0-0 a6 8. Re1 b5 9. Bb3 Nge7 10. Bg5 Qd7 11. a4 b4 12. a5 Bb7 13. Ba4 Nf5 14. Bxc6 Bxc6 15. Qd3 h6 16. Bd2 Be7 17. g4 Nh4 18. Nxd4 Nf3+ 19. Kf1 Nxd4 20. Be3 Bb5 21. Qxb5 Qxb5+ 22. Kg1 0-1

[Event "Biguglia op"]
[Site "Biguglia"]
[Date "2007.05.??"]
[Round "?"]
[White "Geronimi, Vital"]
[Black "Leveque, Christophe"]
[Result "1-0"]
[WhiteElo "1710"]
[BlackElo "1640"]
[PlyCount "45"]
[EventDate "2007.05.??"]
[EventType "swiss"]
[EventRounds "5"]
[EventCountry "FRA"]
[SourceTitle "CBM 118 Extra"]
[Source "ChessBase"]
[SourceDate "2007.07.04"]
[SourceVersion "1"]
[SourceVersionDate "2007.07.04"]
[SourceQuality "1"]

1. e4 e6 2. d4 d5 3. e5 c5 4. Nf3 cxd4 5. Nxd4 Nc6 6. Nxc6 bxc6 7. Be3 Qc7 8. f4 Ne7 9. Bc5 Nf5 10. Bxf8 Kxf8 11. Qd3 Rb8 12. Qa3+ c5 13. Nd2 g6 14. Nb3 Kg7 15. Nxc5 Qb6 16. 0-0-0 Ne7 17. Rd3 Qb4 18. Qxb4 Rxb4 19. g3 Nc6 20. Ra3 Bb7 21. c3 Re4 22. Nxe4 dxe4 23. Bg2 1-0

[Event "Calvi Balagne op 03rd"]
[Site "Calvi"]
[Date "2006.02.21"]
[Round "3"]
[White "Leveque, Christophe"]
[Black "Szymanski, Piotr2"]
[Result "0-1"]
[WhiteElo "1636"]
[BlackElo "1873"]
[PlyCount "82"]
[EventDate "2006.02.19"]
[EventType "swiss"]
[EventRounds "9"]
[EventCountry "FRA"]
[SourceTitle "CBM 110 Extra"]
[Source "ChessBase"]
[SourceDate "2006.03.10"]
[SourceVersion "2"]
[SourceVersionDate "2006.03.10"]
[SourceQuality "1"]

1. d4 d5 2. Nf3 c6 3. e3 Bf5 4. Bd3 Bg6 5. 0-0 Nf6 6. Re1 Nbd7 7. Nc3 Qc7 8. e4 dxe4 9. Nxe4 0-0-0 10. c4 e5 11. Nxf6 gxf6 12. Bf1 Nb6 13. Be3 Bb4 14. Nd2 exd4 15. Bh6 Rhg8 16. a3 Bd6 17. g3 Bf5 18. Ne4 Be5 19. Qf3 Bg4 20. Qd3 Rg6 21. Bd2 h5 22. f4 f5 23. fxe5 fxe4 24. Qxe4 Be6 25. Ba5 Qe7 26. Rad1 h4 27. Rd3 Bxc4 28. Rf3 Bd5 29. Qf5+ Be6 30. Qd3 c5 31. Bxb6 axb6 32. Qb5 Rdg8 33. Qxb6 hxg3 34. Rxg3 Rxg3+ 35. hxg3 Rxg3+ 36. Bg2 Bd5 37. Re2 Rxg2+ 38. Rxg2 Bxg2 39. Kxg2 Qxe5 40. Qb3 Qe6 41. Qd3 Qg6+ 0-1

[Event "Corsica CC-B"]
[Site "Corsica"]
[Date "2004.08.07"]
[Round "7"]
[White "Leveque, Christophe"]
[Black "Have, Didier"]
[Result "0-1"]
[WhiteElo "1720"]
[BlackElo "1860"]
[PlyCount "84"]
[EventDate "2004.08.01"]
[EventType "tourn"]
[EventRounds "9"]
[EventCountry "FRA"]
[SourceTitle "EXT 2008"]
[Source "ChessBase"]
[SourceDate "2007.11.25"]
[SourceVersion "1"]
[SourceVersionDate "2007.11.25"]
[SourceQuality "1"]

1. c4 e5 2. Nc3 Nf6 3. d3 Bc5 4. Bg5 Bxf2+ 5. Kd2 Bb6 6. Nf3 h6 7. Bh4 g5 8. Bg3 d6 9. h4 g4 10. Nh2 Nc6 11. e3 Be6 12. Be2 h5 13. Rf1 Qe7 14. Qc2 0-0-0 15. Rf2 d5 16. cxd5 Nxd5 17. Nf1 Ndb4 18. Qb1 Bc4 19. d4 exd4 20. Bxc4 dxe3+ 21. Kc1 exf2 22. Qf5+ Kb8 23. Ne4 Rhe8 24. Nfd2 Rxd2 25. Kxd2 Qxe4 26. Qxe4 Rxe4 27. Bxf7 Rd4+ 28. Ke2 Rd3 29. Bxf2 Bxf2 30. Kxf2 g3+ 31. Ke2 Nd4+ 32. Kf1 Nbc2 33. Rc1 Ne3+ 34. Ke1 Nxg2+ 35. Kf1 Ne3+ 36. Ke1 Nec2+ 37. Kf1 Rf3+ 38. Kg2 Rxf7 39. Rg1 Ne3+ 40. Kh3 Rf1 41. Rxf1 Nxf1 42. Kg2 Nf5 0-1

[Event "Corsica CC-B"]
[Site "Corsica"]
[Date "2004.08.06"]
[Round "6"]
[White "Costa, Pierre Mathieu"]
[Black "Leveque, Christophe"]
[Result "1-0"]
[WhiteElo "1958"]
[BlackElo "1720"]
[PlyCount "51"]
[EventDate "2004.08.01"]
[EventType "tourn"]
[EventRounds "9"]
[EventCountry "FRA"]
[SourceTitle "EXT 2008"]
[Source "ChessBase"]
[SourceDate "2007.11.25"]
[SourceVersion "1"]
[SourceVersionDate "2007.11.25"]
[SourceQuality "1"]

1. d4 Nf6 2. c4 d5 3. cxd5 Nxd5 4. e4 Nb6 5. Be3 e5 6. dxe5 Qxd1+ 7. Kxd1 c5 8. Nc3 a6 9. Nd5 Nxd5 10. exd5 Bf5 11. Ne2 Nd7 12. Ng3 Bg6 13. f4 h6 14. d6 b5 15. a4 b4 16. b3 a5 17. Rc1 h5 18. h4 Bxd6 19. exd6 0-0 20. Bb5 Nb6 21. f5 Bh7 22. Bxc5 Nd5 23. d7 Rfd8 24. Bd4 Rab8 25. Re1 Nc7 26. Rxc7 1-0

[Event "Porticcio op 4th"]
[Site "Porticcio"]
[Date "2003.06.??"]
[Round "1"]
[White "Leveque, Christophe"]
[Black "Bicchierai, Gregory"]
[Result "1/2-1/2"]
[WhiteElo "1550"]
[BlackElo "2089"]
[PlyCount "65"]
[EventDate "2003.06.??"]
[EventType "swiss"]
[EventRounds "9"]
[EventCountry "FRA"]
[SourceTitle "EXT 2007"]
[Source "ChessBase"]
[SourceDate "2006.11.23"]
[SourceVersion "1"]
[SourceVersionDate "2006.11.23"]
[SourceQuality "1"]

1. d4 Nf6 2. c4 e6 3. Nc3 Bb4 4. Qc2 0-0 5. Nf3 b6 6. a3 Bxc3+ 7. Qxc3 Bb7 8. g3 c5 9. dxc5 Ne4 10. Qc2 bxc5 11. Bg2 f5 12. Bf4 Nc6 13. 0-0 g5 14. Bc1 g4 15. Nd2 Nd4 16. Qd3 d5 17. cxd5 exd5 18. e3 Nc6 19. b3 Ne5 20. Qc2 Ba6 21. Rd1 Bd3 22. Qb2 Qe7 23. Nxe4 fxe4 24. Qc3 Qf6 25. Kh1 d4 26. Qxc5 Nf3 27. Qd5+ Kh8 28. Bb2 Rad8 29. Qc5 Qh6 30. Bxf3 gxf3 31. Bxd4+ Kg8 32. Rac1 Qh3 33. Qg5+ 1/2-1/2